Biennial report of the Topeka State Hospital.

Bibliographic Details
Previous Title:Kansas State Insane Asylum (Topeka, Kan.) Biennial report of the Kansas State Insane Asylum at Topeka for the biennial period ending ...
Corporate Author: Topeka State Hospital
Format: Serial
Language:English
Published: [Place of publication not identified] : [publisher not identified]
Subjects:

MARC

Tag First Indicator Second Indicator Subfields
LEADER 00000cas a2200000 a 4500
001 in00001020587
005 20150928122045.0
008 911202u1uuu9999ksugr s0 0eng d
035 |a (OCoLC)24877805 
035 |9 AFG1861AM 
040 |a TXA  |c TXA  |d UtOrBLW 
049 |a TXAE 
090 |a RC445.K3  |b T6 
110 2 |a Topeka State Hospital. 
245 1 0 |a Biennial report of the Topeka State Hospital. 
264 1 |a [Place of publication not identified] :  |b [publisher not identified] 
264 3 |a Topeka, KS :  |b Kansas State Printing Office 
300 |a volumes :  |b illustrations ;  |c 23 cm. 
310 |a Biennial 
336 |a text  |b txt  |2 rdacontent 
337 |a unmediated  |b n  |2 rdamedia 
338 |a volume  |b nc  |2 rdacarrier 
500 |a Description based on 19th (1914). 
610 2 0 |a Topeka State Hospital  |x Periodicals. 
650 0 |a Psychiatric hospitals  |z Kansas  |x Periodicals. 
780 0 0 |a Kansas State Insane Asylum (Topeka, Kan.)  |t Biennial report of the Kansas State Insane Asylum at Topeka for the biennial period ending ...  |w  (OCoLC)24877819 
948 |a t2 
999 |a MARS 
999 f f |s 88e2a933-40e8-39a1-a590-3c2bfe8f60a1  |i 3610659c-7ec6-3d88-aead-15199d8350af  |t 0 
952 f f |p noncirc  |a Texas A&M University  |b College Station  |c Cushing Memorial Library & Archives  |d Cushing: Rare Books (Does not check out)  |t 0  |e RC445.K2 T6  |h Library of Congress classification  |i unmediated -- volume 
998 f f |a RC445.K2 T6  |s 24th (1924), 31st (1938)  |t 0  |l Cushing: Rare Books (Does not check out)